000 00463pab a2200181 454500
008 180718b2005 xxu||||| |||| 00| 0 eng d
100 _aPradheepa, P.
245 _aJuvenile delinquency - a socio economic and family perspective
260 _c2005
300 _ap.9-12.
362 _aJan
650 _aSocial problems
650 _aParent role
650 _aJuvenile delinquency
700 _aMurlidharan, K.
773 _aSocial Welfare
909 _a63623
999 _c63623
_d63623